Možnosti ovplyvnenia afhézie zástrekových a oplášťovacích materiálov pre káble.

Na minha lista:
Detalhes bibliográficos
Autor principal: Ondračka, Štefan
Formato: Livro
Idioma:eslovaco
Publicado em: Bratislava STU FCHPT 2012
Acesso em linha:View in OPAC
Tags: Adicionar Tag
Sem tags, seja o primeiro a adicionar uma tag!

MARC

LEADER 00000nam a2200000 a 4500
005 20260127133933.0
008 120627 2012 xo 000 0 slo d
035 |a vtls010432773 
039 9 |a 201207131129  |b mschk03  |y 201206271127  |z mschk03 
040 |a STUSCHK1  |b slo  |c STUSCHK1  |e AACR2 
100 1 |a Ondračka, Štefan 
245 1 |a Možnosti ovplyvnenia afhézie zástrekových a oplášťovacích materiálov pre káble.  |c Štefan Ondračka 
260 |a Bratislava  |b STU FCHPT  |c 2012 
300 |a 69 s.  |b il.  |c 30cm 
500 |a Obháj.: 4.6. 2012 
500 |a Študijný program: prírodné a syntetické polyméry 
500 |a Študijný odbor: 5.2.18 chemické technológie 
500 |a Miesto vypracovania: Oddelenie plastov a kaučuku FCHPT 
500 |a Evidenčné číslo: FCHPT-13576-50643 
500 |a Diplomová práca 
910 |a SCHK95 
999 |c 430  |d 430